000 01266nam a2200289 i 4500
001 185307
003 ES-MaACL
005 20250618124655.0
008 160511s2015 sp |||| | spa d
020 _a978-84-7788-664-8
080 _a821.134.2-1(082.2)"19"
080 _a821.134.2(7/8)-1(082.2)"19"
245 0 0 _aJorge Manrique en la poesía contemporánea
_b: (antología 1950-2016) /
_c[selección de textos], José Manuel Ortega Cézar ; prólogo de Luis Alberto de Cuenca.
260 _a[Toledo] :
_bConsejería de Educación, Cultura y Deportes,
_c[2015]
300 _a384 p. ;
_c24 cm.
500 _aÍndice.
600 0 _aManrique, Jorge,
_d1440?-1479
_9178074
650 4 _aPoesías españolas-
_yS.XX.
_916221
650 4 _aPoesía hispanoamericana-
_yS.XX
_916227
700 1 _aOrtega Cézar, José Manuel.
_9159546
700 1 _aCuenca, Luis Alberto de,
_d1950-
_9240908
710 1 _aCastilla-La Mancha.
_bConsejería de Educación, Cultura y Deportes.
_9159547
852 _aES-MaACL
_jA-13754
_9192330
_bR.151106
_cDEPO1
_dOlim: N-6754
_gDedicatoria autógrafa del seleccionador
_hDonación: José Manuel Ortega Cézar
903 _9159546
_aOrtega Cézar, José Manuel
_ednr
942 _2udc
_cMONOGRAFIA
999 _c185307
_d185307